| Tag |
First Indicator |
Second Indicator |
Subfields |
| LEADER |
00000cam a2200000 4500 |
| 001 |
in00000054566 |
| 005 |
20160108085525.0 |
| 008 |
720201s1958 nyu b 00000 eng u |
| 010 |
|
|
|a 58006100
|
| 035 |
|
|
|a (OCoLC)00231783
|
| 035 |
|
|
|9 AAH1470AM
|
| 040 |
|
|
|c WSU
|d TXA
|d UtOrBLW
|
| 049 |
|
|
|a TXAM
|c [310421]
|
| 050 |
|
0 |
|a HD4904
|b .G74
|
| 092 |
|
|
|a 331
|b G878w
|
| 100 |
1 |
|
|a Gross, Edward,
|d 1921-
|
| 245 |
1 |
0 |
|a Work and society.
|
| 264 |
|
1 |
|a New York :
|b Crowell,
|c [1958]
|
| 300 |
|
|
|a 652 pages
|
| 336 |
|
|
|a text
|b txt
|2 rdacontent
|
| 337 |
|
|
|a unmediated
|b n
|2 rdamedia
|
| 338 |
|
|
|a volume
|b nc
|2 rdacarrier
|
| 504 |
|
|
|a Includes bibliography.
|
| 650 |
|
0 |
|a Working class.
|
| 650 |
|
0 |
|a Labor movement.
|
| 650 |
|
0 |
|a Labor.
|
| 999 |
|
|
|a MARS
|
| 999 |
f |
f |
|s c0e5ebdb-88a5-3c58-8e64-137eca9c60cd
|i eb2549b5-efc2-3b17-87a9-099360ee542d
|t 0
|
| 952 |
f |
f |
|p ric
|a Texas A&M University
|b Rellis Campus
|c Joint Library Facility
|d Remote Storage
|t 0
|e HD4904 .G74
|h Library of Congress classification
|i unmediated -- volume
|m A14800711454
|
| 998 |
f |
f |
|a HD4904 .G74
|t 0
|l Remote Storage
|